000 00564cam a22002053a 4500
001 42170
003 PGUSA
005 20140828083943.0
008 130223s2013||||xxu|||||s|||||000 | eng d
040 _aPGUSA
_beng
042 _adc
100 1 _aSharp, Dallas Lore,
_d1870-1929
245 1 0 _aSummer
_h[electronic resource] /
_cDallas Lore Sharp
260 _bProject Gutenberg,
_c2013
506 _aPublic domain in the USA.
516 _aElectronic text
830 0 _aProject Gutenberg
_v42170
856 4 0 _uhttp://www.gutenberg.org/ebooks/42170
942 _cEB
999 _c271422
_d271422